[Event "Tournoi Skype 029A"]
[Site "Skype"]
[Date "????.??.??"]
[Round "5.30"]
[White "Karia, Vijay"]
[Black "Grib, Johannes"]
[Result "1-0"]
[WhiteElo "1482"]
[BlackElo "1259"]
[PlyCount "51"]

1. e4 d6 2. d4 Nf6 3. Nc3 Nbd7 4. f4 e5 5. Nf3 h6 6. fxe5 dxe5 7. dxe5 Be7 8.
exf6 Bxf6 9. Bc4 Qe7 10. O-O Qc5+ 11. Kh1 Qxc4 12. e5 O-O 13. exf6 Nxf6 14. Ne5
Qh4 15. Qe1 Qh5 16. Bf4 Be6 17. Qg3 Rad8 18. Be3 Bd5 19. Rxf6 Bxg2+ 20. Kxg2
Rd6 21. Rxd6 cxd6 22. Ng4 Kh8 23. Rd1 f5 24. Nxh6 gxh6 25. Bd4+ Kh7 26. Qg7#
1-0

[Event "Tournoi Skype 029A"]
[Site "Skype"]
[Date "????.??.??"]
[Round "5.31"]
[White "Yardimci, Ertan"]
[Black "Ortiz, Vladimir"]
[Result "1/2-1/2"]
[WhiteElo "1208"]
[BlackElo "1443"]
[PlyCount "53"]

1. Nf3 b6 2. d4 d5 3. c4 dxc4 4. Qa4+ Qd7 5. Qxc4 Bb7 6. Ne5 Bd5 7. Nxd7 Bxc4
8. Ne5 Bd5 9. Nc3 Bb7 10. Nb5 Na6 11. Bf4 c6 12. Nc3 Rd8 13. e4 f6 14. Nf3 e6
15. a3 Bd6 16. Bxd6 Rxd6 17. Be2 Ne7 18. O-O Nc7 19. Rfd1 O-O 20. Rac1 Rfd8 21.
Bc4 Ncd5 22. Nxd5 exd5 23. Ba2 Kf8 24. Rc3 Bc8 25. Rdc1 Bb7 26. Bb1 g6 27. h3
1/2-1/2

[Event "Tournoi Skype 029A"]
[Site "Skype"]
[Date "????.??.??"]
[Round "5.32"]
[White "Gadow, Martin"]
[Black "Mitrani, Alberto"]
[Result "1/2-1/2"]
[WhiteElo "1412"]
[BlackElo "1482"]
[PlyCount "48"]

1. d4 Nf6 2. Bf4 g6 3. e3 Bg7 4. Be2 d6 5. Nf3 O-O 6. Nbd2 Nbd7 7. h3 b6 8. O-O
Bb7 9. c3 Re8 10. Re1 e5 11. dxe5 dxe5 12. Bg5 e4 13. Nh2 Nc5 14. Qc2 Qd5 15.
Bxf6 Bxf6 16. Red1 Qg5 17. Ndf1 Rad8 18. f4 exf3 19. Nxf3 Bxf3 20. Bxf3 a5 21.
Bc6 Re6 22. Rxd8+ Bxd8 23. Bf3 Rd6 24. Rd1 Rxd1 1/2-1/2

[Event "Tournoi Skype 029A"]
[Site "Skype"]
[Date "????.??.??"]
[Round "5.33"]
[White "Pasasin, Alejandro"]
[Black "Vilas Boas, Crisolon Terto"]
[Result "1-0"]
[WhiteElo "1347"]
[BlackElo "1488"]
[PlyCount "73"]

1. e4 e5 2. Nf3 Nc6 3. c3 d6 4. g3 Nf6 5. d3 Be7 6. Bg2 O-O 7. O-O Bg4 8. h3
Bh5 9. Nbd2 h6 10. Re1 Nh7 11. g4 Bg6 12. Nf1 Qd7 13. N3h2 Bh4 14. Ng3 Rae8 15.
Nf5 Bxf5 16. gxf5 Ne7 17. Qg4 Bf6 18. h4 Kh8 19. h5 Rg8 20. Kh1 g5 21. Nf3 d5
22. d4 dxe4 23. Nxe5 Bxe5 24. dxe5 Qxf5 25. Qxf5 Nxf5 26. Rxe4 f6 27. e6 Ng7
28. e7 f5 29. Re2 Nxh5 30. Bxb7 N7f6 31. Bc6 Rb8 32. b3 Rb6 33. e8=Q Nxe8 34.
Bxe8 Nf6 35. Ba4 f4 36. Bb2 Nd5 37. c4+ 1-0

[Event "Tournoi Skype 029A"]
[Site "Skype"]
[Date "????.??.??"]
[Round "5.34"]
[White "Hurtado De Mendoza, Ramon Miguel"]
[Black "Kruk, Clementine"]
[Result "1-0"]
[WhiteElo "1487"]
[BlackElo "1293"]
[PlyCount "81"]

1. Nf3 Nc6 2. b3 Nf6 3. Bb2 d5 4. g3 Bf5 5. Bg2 e6 6. O-O Bd6 7. d3 Bg4 8. Nbd2
e5 9. e4 d4 10. c3 Bc5 11. Qc2 Qd7 12. Rfe1 Rd8 13. Bf1 Qe7 14. a3 b5 15. b4
Bb6 16. c4 bxc4 17. Qxc4 Rd6 18. Nh4 Qd7 19. Nb3 g5 20. Nc5 Be6 21. Nxd7 Bxc4
22. Nxf6+ Rxf6 23. dxc4 gxh4 24. c5 Bxc5 25. bxc5 Rg8 26. Bb5 Ke7 27. Kg2 Nd8
28. a4 Ne6 29. Bc1 Nxc5 30. Ba3 Kd6 31. Rac1 c6 32. Bxc5+ Kd7 33. Bd3 a5 34.
Rb1 h3+ 35. Kg1 h5 36. Rb7+ Kc8 37. Reb1 Rd8 38. Rb8+ Kd7 39. R1b7+ Ke8 40.
Re7+ Kf8 41. Rxd8+ 1-0

[Event "Tournoi Skype 029A"]
[Site "Skype"]
[Date "????.??.??"]
[Round "5.35"]
[White "Le Brun, Yves"]
[Black "Perez, Luis Horacio"]
[Result "1-0"]
[WhiteElo "1335"]
[BlackElo "1438"]
[PlyCount "111"]

1. d4 d5 2. Nf3 Nc6 3. Bf4 Nf6 4. e3 a6 5. a3 e6 6. h3 Bd6 7. Bxd6 Qxd6 8. Bd3
O-O 9. Nbd2 e5 10. dxe5 Nxe5 11. Nxe5 Qxe5 12. c3 Bd7 13. Nf3 Qe7 14. O-O Bb5
15. Bxb5 axb5 16. Nd4 c6 17. Qf3 Rfe8 18. Rfe1 Ne4 19. Rac1 Qf6 20. Qxf6 Nxf6
21. Re2 Re7 22. Rce1 Rae8 23. f3 g6 24. g4 h6 25. Kf2 g5 26. Nf5 Rd7 27. Nxh6+
Kh7 28. Nf5 c5 29. Ng3 b4 30. f4 gxf4 31. exf4 Rxe2+ 32. Rxe2 Ne4+ 33. Nxe4
dxe4 34. Ke3 Kg6 35. Kxe4 Re7+ 36. Kf3 Rd7 37. axb4 cxb4 38. cxb4 Rd3+ 39. Re3
Rd4 40. Re4 Rd3+ 41. Re3 Rd4 42. h4 Rxb4 43. b3 b6 44. f5+ Kh6 45. Re4 Rxb3+
46. Kf4 b5 47. Re7 Kg7 48. Kg5 b4 49. f6+ Kf8 50. Rb7 Ke8 51. h5 Rb1 52. h6 b3
53. h7 Rh1 54. Rb8+ Kd7 55. h8=Q Rxh8 56. Rxh8 1-0

[Event "Tournoi Skype 029A"]
[Site "Skype"]
[Date "????.??.??"]
[Round "5.36"]
[White "Ramirez Reina, Orlando"]
[Black "L'Herbon De Lussats, Jean"]
[Result "1/2-1/2"]
[WhiteElo "1385"]
[BlackElo "1259"]
[PlyCount "131"]

1. e4 c5 2. Nf3 d6 3. d4 cxd4 4. Nxd4 Nf6 5. Nc3 a6 6. Be2 e5 7. Nb3 Be7 8. Be3
O-O 9. f3 b5 10. a3 Nbd7 11. Nd5 Nxd5 12. Qxd5 Rb8 13. O-O-O Bb7 14. Qd2 Nf6
15. g4 h6 16. h4 d5 17. exd5 Nxd5 18. Kb1 Bxh4 19. Bc5 Be7 20. Bxe7 Qxe7 21.
Rhg1 Rfd8 22. g5 Nb6 23. Qe3 Nd5 24. Qc5 Qe6 25. gxh6 Qxh6 26. Qf2 Ne3 27.
Rxd8+ Rxd8 28. Qg3 f6 29. Nc5 Bc8 30. Nd3 Nc4 31. f4 e4 32. Nc5 f5 33. Bxc4+
bxc4 34. b3 cxb3 35. Qxb3+ Kh7 36. Qg3 g6 37. Qg5 Qxg5 38. fxg5 e3 39. Re1 f4
40. Nd3 Rd4 41. Rh1+ Kg7 42. Kc1 Bf5 43. Ne1 Rd2 44. Rf1 Rf2 45. Rg1 e2 46. Kd2
Be4 47. Rg4 Bc6 48. Nd3 e1=Q+ 49. Kxe1 Rxc2 50. Rxf4 Rc3 51. Nb4 Bb5 52. a4
Bxa4 53. Nxa6 Bc2 54. Nb4 Bf5 55. Nd5 Rg3 56. Ne7 Rxg5 57. Nxf5+ Rxf5 58. Rxf5
gxf5 59. Kf2 Kg6 60. Kg3 Kg5 61. Kf3 f4 62. Kg2 Kg4 63. Kf2 f3 64. Kf1 Kg3 65.
Kg1 f2+ 66. Kf1 1/2-1/2

[Event "Tournoi Skype 029A"]
[Site "Skype"]
[Date "????.??.??"]
[Round "5.37"]
[White "Gokcek, Cagri"]
[Black "Bendre, Pankaj"]
[Result "1-0"]
[WhiteElo "1363"]
[BlackElo "1182"]
[PlyCount "67"]

1. e4 d5 2. exd5 Qxd5 3. Nc3 Qa5 4. d4 c6 5. Bd2 Bf5 6. Nf3 Nf6 7. Ne4 Qc7 8.
Nxf6+ exf6 9. c4 Nd7 10. g3 Be7 11. Bg2 O-O 12. c5 Rfe8 13. O-O Nf8 14. Re1
Rad8 15. Qa4 Qb8 16. Rad1 Be6 17. Bf4 Qa8 18. Nd2 a6 19. Nc4 Bxc4 20. Qxc4 Ne6
21. Be3 Nc7 22. Rd3 Nd5 23. Bd2 Qc8 24. Ba5 Bxc5 25. Rxe8+ Rxe8 26. Qxc5 Qf5
27. Rd1 Re2 28. Rf1 Rxb2 29. Qd6 g6 30. Bxd5 cxd5 31. Bb4 h5 32. Qf8+ Kh7 33.
Qxf7+ Kh8 34. Bf8 1-0

[Event "Tournoi Skype 029A"]
[Site "Skype"]
[Date "????.??.??"]
[Round "5.38"]
[White "Galani, Mahendra"]
[Black "Vello, Pablo"]
[Result "1-0"]
[WhiteElo "1466"]
[BlackElo "1135"]
[PlyCount "28"]

1. e4 e6 2. d4 d5 3. Bd3 Nf6 4. e5 Nfd7 5. Nf3 c5 6. c3 Qb6 7. Qc2 Nc6 8. Be3
cxd4 9. cxd4 Nb4 10. Qe2 Nxd3+ 11. Qxd3 Qxb2 12. O-O Be7 13. Nc3 Qb6 14. Na4
Qxd4 1-0

[Event "Tournoi Skype 029A"]
[Site "Skype"]
[Date "????.??.??"]
[Round "5.39"]
[White "Sauvaget, Joel"]
[Black "Davis, Michael"]
[Result "1/2-1/2"]
[WhiteElo "1290"]
[BlackElo "1405"]
[PlyCount "33"]

1. d4 Nf6 2. c4 g6 3. Bf4 Bg7 4. e3 O-O 5. Nf3 d5 6. Nc3 Bf5 7. cxd5 Nxd5 8.
Bd3 Nxf4 9. exf4 Bg4 10. Be2 Nc6 11. O-O Bxf3 12. Bxf3 Qxd4 13. Qxd4 Bxd4 14.
Rad1 Rfd8 15. Rfe1 e6 16. Rc1 a6 17. Rc2 1/2-1/2

[Event "Tournoi Skype 029A"]
[Site "Skype"]
[Date "????.??.??"]
[Round "5.41"]
[White "Aceituno, Stebe"]
[Black "Carballo, Jorge"]
[Result "1-0"]
[WhiteElo "1400"]
[BlackElo "1367"]
[PlyCount "105"]

1. e4 e5 2. Nf3 Nc6 3. Bc4 Be7 4. c3 Nf6 5. d3 O-O 6. O-O d6 7. Nbd2 Be6 8.
Bxe6 fxe6 9. Qb3 Qd7 10. Ng5 Nd8 11. Ngf3 b6 12. Re1 Nc6 13. Nf1 Na5 14. Qc2
Nb7 15. d4 exd4 16. cxd4 c5 17. e5 dxe5 18. dxe5 Nd5 19. Ng3 Nb4 20. Qe2 Qd3
21. Qxd3 Nxd3 22. Re2 Rad8 23. Bg5 Bxg5 24. Nxg5 Nf4 25. Re4 Rd2 26. b3 h6 27.
Nf3 Rd5 28. Nf1 Nh3+ 29. gxh3 Rxf3 30. Ne3 Rd2 31. Ng4 Rxh3 32. Re3 Rxe3 33.
Nxe3 Nd8 34. Nc4 Rd5 35. f4 g6 36. Kg2 Nf7 37. Kf3 h5 38. Rg1 Kg7 39. h4 Rd3+
40. Ke4 Rd4+ 41. Ke3 Nh6 42. Nd6 Ng4+ 43. Ke2 Rxf4 44. Ne8+ Kf8 45. Nd6 a6 46.
Nc4 b5 47. Nb6 Re4+ 48. Kd3 Rxe5 49. Nd7+ Ke7 50. Nxe5 Nxe5+ 51. Ke4 Ng4 52.
Rc1 Kd6 53. Rd1+ 1-0

[Event "Tournoi Skype 029A"]
[Site "Skype"]
[Date "????.??.??"]
[Round "6.1"]
[White "Rico Hernandez, Edgar"]
[Black "Deville, Olivier"]
[Result "1/2-1/2"]
[WhiteElo "1772"]
[BlackElo "1807"]
[PlyCount "54"]

1. d4 Nf6 2. c4 e6 3. Nc3 Bb4 4. Qc2 O-O 5. a3 Bxc3+ 6. Qxc3 b6 7. Nf3 Bb7 8.
e3 d6 9. Be2 Nbd7 10. O-O Qe7 11. b4 c5 12. Bb2 Rac8 13. dxc5 bxc5 14. b5 Rfd8
15. Rfd1 d5 16. Ne5 Ne4 17. Ng6 Nxc3 18. Nxe7+ Kf8 19. Bxc3 Kxe7 20. a4 Nf6 21.
f3 g6 22. Rd2 Ne8 23. Rad1 dxc4 24. Bxc4 Rxd2 25. Rxd2 Rd8 26. e4 Rxd2 27. Bxd2
Nd6 1/2-1/2

[Event "Tournoi Skype 029A"]
[Site "Skype"]
[Date "????.??.??"]
[Round "6.2"]
[White "Grosso, Raul"]
[Black "Rapaire, Jean-Michel"]
[Result "0-1"]
[WhiteElo "1746"]
[BlackElo "1739"]
[PlyCount "72"]

1. d4 d6 2. e4 e5 3. dxe5 dxe5 4. Qxd8+ Kxd8 5. Bc4 f6 6. Be3 c6 7. Nd2 Kc7 8.
Ne2 Nd7 9. O-O Bc5 10. Bxc5 Nxc5 11. Nc3 Be6 12. Rfd1 Bxc4 13. Nxc4 Nh6 14. Rd2
Rhd8 15. Rad1 Nf7 16. Ne3 Rxd2 17. Rxd2 Nd6 18. f3 b5 19. Ne2 Ne6 20. c3 a5 21.
a3 Rb8 22. Nc2 Nc4 23. Rd1 Nxb2 24. Rb1 Nc4 25. Kf2 Rd8 26. Ke1 Nc5 27. Rd1
Rxd1+ 28. Kxd1 Nd3 29. Nc1 Nxc1 30. Kxc1 Kd6 31. Kb1 Nd2+ 32. Kb2 Nf1 33. h3
Kc5 34. a4 bxa4 35. Na3 Ne3 36. Ka2 Nxg2 0-1

[Event "Tournoi Skype 029A"]
[Site "Skype"]
[Date "????.??.??"]
[Round "6.3"]
[White "Blasco, Raul"]
[Black "Chavero, Victor"]
[Result "1-0"]
[WhiteElo "1978"]
[BlackElo "1283"]
[PlyCount "63"]

1. c4 Nf6 2. Nf3 e6 3. g3 Be7 4. Bg2 c6 5. O-O O-O 6. b3 Na6 7. Bb2 Nc7 8. Nc3
d5 9. d4 Re8 10. Qc2 a6 11. e4 Bb4 12. Nd2 Rb8 13. a3 Bxc3 14. Bxc3 b5 15. Ba5
Qd7 16. e5 Ne4 17. Nxe4 dxe4 18. Bxc7 Qxc7 19. cxb5 Rxb5 20. Bxe4 g6 21. Bxc6
Rb6 22. Rac1 Bd7 23. Bxd7 Qxd7 24. Rfd1 Reb8 25. b4 a5 26. bxa5 Rb2 27. Qc5 Qa4
28. Rd3 R2b5 29. Qe7 Qxa5 30. Rdc3 R5b7 31. Rc8+ Rxc8 32. Rxc8+ 1-0

[Event "Tournoi Skype 029A"]
[Site "Skype"]
[Date "????.??.??"]
[Round "6.4"]
[White "Mayor Martinez, Juan Jose"]
[Black "Calderon, Francisco"]
[Result "0-1"]
[WhiteElo "1749"]
[BlackElo "1604"]
[PlyCount "80"]

1. d4 d5 2. c4 Bf5 3. cxd5 Qxd5 4. Nc3 Qd8 5. e4 Bg6 6. Nf3 e6 7. Be2 Bb4 8.
Bd3 Bxc3+ 9. bxc3 Nf6 10. Qc2 a6 11. O-O h6 12. Ba3 Nc6 13. Rfe1 Bh5 14. Nd2 g5
15. e5 Nd5 16. Ne4 Bg6 17. Rab1 b5 18. Bc5 Bxe4 19. Bxe4 Rb8 20. a3 Na5 21. Qd3
c6 22. Qf3 Nb7 23. Bxd5 cxd5 24. Bb4 a5 25. Bc5 Nxc5 26. dxc5 Rh7 27. Qd3 Rg7
28. Rxb5 Rc8 29. Reb1 Qc7 30. Qd4 g4 31. Qf4 Rh7 32. Qxg4 Kf8 33. Qf4 f5 34.
Qe3 h5 35. a4 h4 36. Rc1 Qf7 37. c4 f4 38. Qxf4 Qxf4 39. Rc3 Qxe5 40. Rf3+ Ke8
0-1

[Event "Tournoi Skype 029A"]
[Site "Skype"]
[Date "????.??.??"]
[Round "6.5"]
[White "Gungor, Gokhan"]
[Black "Lambert, Pierre"]
[Result "1-0"]
[WhiteElo "1579"]
[BlackElo "1647"]
[PlyCount "95"]

1. e4 e6 2. d4 d5 3. Nd2 Nf6 4. e5 Nfd7 5. Bd3 c5 6. c3 Nc6 7. Ne2 Qb6 8. Nf3
cxd4 9. cxd4 Bb4+ 10. Bd2 Be7 11. O-O O-O 12. Qc2 f5 13. a3 Qd8 14. Nf4 Nb6 15.
g4 g6 16. Kh1 fxg4 17. Bxg6 Rf5 18. Bxf5 exf5 19. Rg1 Kh8 20. Nh5 Qf8 21. Qc1
Qf7 22. Nf6 Bxf6 23. exf6 Qxf6 24. Bg5 Qe6 25. Qc5 Nd7 26. Qc3 Nf6 27. Rae1 Ne4
28. Qe3 Bd7 29. Nd2 Nxg5 30. Qxg5 Qg6 31. Qf4 Rc8 32. Nf3 Qf6 33. Ne5 Be8 34.
Rxg4 Nxe5 35. dxe5 Qc6 36. Qxf5 Bg6 37. Qg5 Rg8 38. Qf4 Be4+ 39. f3 Rxg4 40.
Qxg4 Bg6 41. e6 d4 42. Qxd4+ Kg8 43. Qd8+ Kg7 44. Qe7+ Kh6 45. Qf8+ Kh5 46.
Re5+ Kh4 47. Qf4+ Kh3 48. Qg4# 1-0

[Event "Tournoi Skype 029A"]
[Site "Skype"]
[Date "????.??.??"]
[Round "6.6"]
[White "Silvestre Da Silva, Sidnei"]
[Black "Montalvo, Mario"]
[Result "1/2-1/2"]
[WhiteElo "1566"]
[BlackElo "1800"]
[PlyCount "100"]

1. e4 d6 2. d4 Nf6 3. Nc3 g6 4. Nf3 Bg7 5. Bc4 O-O 6. O-O Nxe4 7. Nxe4 d5 8.
Bd3 dxe4 9. Bxe4 c6 10. c3 Qc7 11. Re1 Nd7 12. Bg5 Re8 13. Bd3 Nf6 14. Ne5 Nd5
15. Bh4 b6 16. Bg3 Qb7 17. Qc2 Bd7 18. Nxd7 Qxd7 19. Re2 Qg4 20. Rae1 h5 21.
Re4 Qd7 22. Be5 Nf6 23. Rf4 Ng4 24. Bxg6 fxg6 25. Qxg6 Nxe5 26. Rxe5 Rf8 27.
Rxf8+ Rxf8 28. Rxh5 Rf7 29. h3 Qd6 30. Qh7+ Kf8 31. Rf5 Qe6 32. Rxf7+ Kxf7 33.
Qh5+ Qg6 34. Qxg6+ Kxg6 35. Kf1 Kf5 36. Ke2 Ke4 37. a4 a5 38. g3 b5 39. f3+ Kd5
40. axb5 cxb5 41. Kd3 e5 42. dxe5 Bxe5 43. g4 Bf4 44. h4 Ke5 45. b3 Bg3 46. h5
Bf4 47. c4 bxc4+ 48. Kxc4 Kf6 49. b4 axb4 50. Kxb4 Bg5 1/2-1/2

[Event "Tournoi Skype 029A"]
[Site "Skype"]
[Date "????.??.??"]
[Round "6.7"]
[White "Elias, Roberto"]
[Black "Engstrom, Olle"]
[Result "1-0"]
[WhiteElo "1782"]
[BlackElo "1448"]
[PlyCount "47"]

1. c4 g6 2. Nc3 Bg7 3. e4 d6 4. d4 Nf6 5. Be2 O-O 6. e5 dxe5 7. dxe5 Qxd1+ 8.
Bxd1 Nfd7 9. f4 c6 10. Be3 Na6 11. Nf3 f6 12. Bd4 c5 13. exf6 cxd4 14. fxg7
Kxg7 15. Nxd4 Nf6 16. O-O Nc7 17. Bc2 Ne6 18. Rad1 Nxd4 19. Rxd4 Be6 20. Re1
Kf7 21. Ne4 Bf5 22. Ng5+ Ke8 23. Bxf5 gxf5 24. Ne6 1-0

[Event "Tournoi Skype 029A"]
[Site "Skype"]
[Date "????.??.??"]
[Round "6.8"]
[White "Khetre, Gaurav"]
[Black "Barrios Chamorro, Jesus Adrian"]
[Result "0-1"]
[WhiteElo "1540"]
[BlackElo "1589"]
[PlyCount "46"]

1. Nf3 Nf6 2. g3 g6 3. Bg2 Bg7 4. O-O O-O 5. c4 c6 6. d4 d5 7. Nbd2 Bg4 8. Ne5
Be6 9. b3 Nbd7 10. Nef3 Bg4 11. Ne5 Nxe5 12. dxe5 Ne4 13. Nb1 Bxe5 14. f3 Bxa1
15. fxe4 dxc4 16. bxc4 Qxd1 17. Rxd1 Rad8 18. Re1 Bxe2 19. Nd2 Bg4 20. h3 Be6
21. Nb3 Bg7 22. Ba3 Rfe8 23. Na5 Bc3 0-1

[Event "Tournoi Skype 029A"]
[Site "Skype"]
[Date "????.??.??"]
[Round "6.9"]
[White "Ram, Madhukesh"]
[Black "Calcino, Luis"]
[Result "0-1"]
[WhiteElo "1243"]
[BlackElo "1687"]
[PlyCount "50"]

1. d4 d5 2. c4 c6 3. Nc3 Nf6 4. f3 e6 5. e4 Bb4 6. e5 Nfd7 7. Bd3 c5 8. Be3
cxd4 9. Bxd4 Nc6 10. Nge2 Nxd4 11. Nxd4 Qh4+ 12. Kf1 Qxd4 13. cxd5 Bc5 14. Qc2
Nxe5 15. Rd1 Nxd3 16. Rxd3 Qc4 17. b3 Qa6 18. Ne4 Be7 19. d6 Bf8 20. Nc5 Qc6
21. d7+ Bxd7 22. Rxd7 Bxc5 23. Rd3 O-O 24. Rc3 Qb5+ 25. Ke1 Bb4 0-1

[Event "Tournoi Skype 029A"]
[Site "Skype"]
[Date "????.??.??"]
[Round "6.10"]
[White "Saponara, Jose Maria"]
[Black "Legueltel, Daniel"]
[Result "1-0"]
[WhiteElo "1524"]
[BlackElo "1753"]
[PlyCount "55"]

1. e4 c5 2. Nf3 Nc6 3. d4 cxd4 4. Nxd4 Nf6 5. Nc3 a6 6. Nxc6 bxc6 7. Bd3 e5 8.
O-O Be7 9. Kh1 O-O 10. f4 d5 11. fxe5 Nxe4 12. Nxe4 dxe4 13. Bxe4 Qxd1 14. Rxd1
Be6 15. Bxc6 Rac8 16. Bb7 Rxc2 17. Bxa6 Ra8 18. Bd3 Rc5 19. a3 Rxe5 20. Bf4
Rea5 21. Be4 Rc8 22. Bd2 Ra4 23. Bf3 Bf6 24. Bc3 Bxc3 25. bxc3 Rac4 26. a4 Rxc3
27. a5 R8c7 28. Rd8# 1-0

[Event "Tournoi Skype 029A"]
[Site "Skype"]
[Date "????.??.??"]
[Round "6.11"]
[White "Lopez, Jose Luis"]
[Black "Garcia Diaz, Jose"]
[Result "1-0"]
[WhiteElo "1730"]
[BlackElo "1506"]
[PlyCount "69"]

1. d4 b6 2. e4 Bb7 3. Bd3 Nf6 4. Nc3 e6 5. Nf3 Bb4 6. Qe2 O-O 7. O-O Bxc3 8.
bxc3 h6 9. c4 d5 10. e5 Ne4 11. Bb2 Nd7 12. cxd5 exd5 13. c4 c6 14. Rac1 Ng5
15. Nxg5 Qxg5 16. cxd5 Rac8 17. f4 Qd8 18. d6 c5 19. Be4 Bxe4 20. Qxe4 cxd4 21.
Bxd4 Nc5 22. Bxc5 bxc5 23. Qd5 c4 24. Rxc4 Qb6+ 25. Kh1 Qa6 26. Rfc1 Rxc4 27.
Qxc4 Qxc4 28. Rxc4 Rd8 29. Rc7 Kf8 30. Rxa7 f6 31. Kg1 fxe5 32. fxe5 Ke8 33.
Rxg7 Rd7 34. Rxd7 Kxd7 35. Kf2 1-0

[Event "Tournoi Skype 029A"]
[Site "Skype"]
[Date "????.??.??"]
[Round "6.12"]
[White "Perrone, Gabriel Lorenzo"]
[Black "Sanchez Ruiz, Piedad Esmeralda"]
[Result "0-1"]
[WhiteElo "1377"]
[BlackElo "1706"]
[PlyCount "102"]

1. d4 d5 2. c4 e6 3. Nc3 Nf6 4. Bg5 Nbd7 5. cxd5 exd5 6. Nxd5 Nxd5 7. Bxd8 Bb4+
8. Qd2 Bxd2+ 9. Kxd2 Kxd8 10. e4 N5f6 11. e5 Nd5 12. Bc4 N7b6 13. Bb3 Be6 14.
Ne2 Rc8 15. h4 c5 16. Rac1 Nd7 17. f4 cxd4 18. Rxc8+ Kxc8 19. g3 Nxf4 20. gxf4
Bxb3 21. axb3 g6 22. Nxd4 a6 23. b4 Re8 24. Nb3 f6 25. Re1 fxe5 26. Nc5 Nxc5
27. bxc5 Rd8+ 28. Kc3 exf4 29. Re7 Rd7 30. Re4 Rf7 31. Kd2 f3 32. Ke1 Kc7 33.
Kf2 Kc6 34. b4 Kb5 35. Rg4 Rf5 36. Re4 Rf7 37. Rd4 a5 38. bxa5 Kxc5 39. Re4 Kb5
40. Re5+ Ka6 41. Rd5 Rf6 42. Rd7 h6 43. Rh7 g5 44. hxg5 hxg5 45. Rg7 Rf5 46.
Rg8 Kxa5 47. Ra8+ Kb4 48. Rb8 b5 49. Re8 Ka4 50. Ra8+ Kb3 51. Ra4 bxa4 0-1

[Event "Tournoi Skype 029A"]
[Site "Skype"]
[Date "????.??.??"]
[Round "6.13"]
[White "Yeter, Orhan"]
[Black "Garcia Andrinal, Antonio"]
[Result "0-1"]
[WhiteElo "1245"]
[BlackElo "1679"]
[PlyCount "60"]

1. e4 c5 2. d4 cxd4 3. c3 Nf6 4. e5 Nd5 5. Nf3 e6 6. Bc4 dxc3 7. Nxc3 Nxc3 8.
bxc3 Qc7 9. Qb3 Nc6 10. Be2 Nxe5 11. O-O Be7 12. Bb2 O-O 13. Nxe5 Qxe5 14. Rfe1
Bd6 15. g3 Qf5 16. Rad1 Bc5 17. Rf1 d6 18. Bd3 Qf3 19. Qc2 d5 20. Bxh7+ Kh8 21.
Rd3 Qh5 22. c4 Qxh7 23. cxd5 Bb6 24. d6 Bd7 25. Rfd1 Bc6 26. Qc3 f6 27. g4 Qe4
28. Rh3+ Kg8 29. Kf1 Qg2+ 30. Ke1 Qxf2# 0-1

[Event "Tournoi Skype 029A"]
[Site "Skype"]
[Date "????.??.??"]
[Round "6.14"]
[White "Teles, Jeferson Lisboa"]
[Black "Bagayatkar, Madan"]
[Result "0-1"]
[WhiteElo "1599"]
[BlackElo "1443"]
[PlyCount "80"]

1. e4 e5 2. f4 d6 3. Nf3 Nf6 4. Bc4 Nxe4 5. O-O Be6 6. Bxe6 fxe6 7. fxe5 dxe5
8. Nxe5 Qd4+ 9. Kh1 Qxe5 10. d4 Qd6 11. c3 Nf6 12. Bf4 Qe7 13. Bg5 Nbd7 14. Nd2
h6 15. Bh4 g5 16. Bg3 O-O-O 17. Nc4 h5 18. Ne5 Nxe5 19. Bxe5 Bg7 20. a4 Ng4 21.
Bxg7 Qxg7 22. Qe2 Rd6 23. Rf3 Rf8 24. h3 Nf6 25. Raf1 g4 26. hxg4 hxg4 27. Rf4
g3 28. Rh4 Rh8 29. Rff4 Rxh4+ 30. Rxh4 Qg5 31. Rh8+ Kd7 32. Qe1 Rd5 33. Rh3 Nh5
34. Kg1 Rf5 35. b4 Rf2 36. Rxg3 Nxg3 37. Qxf2 Qc1+ 38. Kh2 Nf1+ 39. Kg1 Ne3+
40. Kh2 Ng4+ 0-1

[Event "Tournoi Skype 029A"]
[Site "Skype"]
[Date "????.??.??"]
[Round "6.15"]
[White "Cayllahua, Braulio Idme"]
[Black "Gadow, Martin"]
[Result "1-0"]
[WhiteElo "1569"]
[BlackElo "1412"]
[PlyCount "87"]

1. e4 c5 2. c3 d6 3. d4 cxd4 4. Qxd4 Nc6 5. Qd1 Nf6 6. Bd3 Bd7 7. Nf3 g6 8. O-O
Bg7 9. h3 O-O 10. Be3 Qc7 11. Re1 d5 12. exd5 Nxd5 13. Qc1 Nxe3 14. Qxe3 e6 15.
Nbd2 Ne7 16. Nb3 Nd5 17. Qd2 Rad8 18. Rad1 Nf4 19. Qc1 Bc6 20. Be4 Rxd1 21.
Qxd1 Rd8 22. Qc2 Bb5 23. Nfd4 Bc4 24. Qb1 e5 25. Nf3 Qb6 26. Nbd2 Bd3 27. Bxd3
Nxd3 28. Re2 Nxb2 29. Ne1 Qa5 30. Qxb2 e4 31. Nxe4 f5 32. Qb3+ Kh8 33. Ng5 Rf8
34. Ne6 Re8 35. Nf4 Rxe2 36. Nxe2 Qe5 37. Qc4 Bf6 38. Nf3 Qd6 39. Ned4 Qa3 40.
Qc8+ Kg7 41. Qxb7+ Kh6 42. Qb1 Qxc3 43. Ne2 Qd3 44. Qxd3 1-0

[Event "Tournoi Skype 029A"]
[Site "Skype"]
[Date "????.??.??"]
[Round "6.16"]
[White "Altinok, Selim"]
[Black "Marino, Giuseppe"]
[Result "1-0"]
[WhiteElo "1536"]
[BlackElo "1339"]
[PlyCount "71"]

1. Nf3 b6 2. g3 Bb7 3. Bg2 d6 4. d4 e6 5. O-O g6 6. Bg5 Ne7 7. Bf6 Rg8 8. Ng5
Bg7 9. Bxb7 Bxf6 10. Bxa8 Bxg5 11. Bg2 Nf5 12. e4 Ng7 13. f4 Be7 14. Nd2 h5 15.
Nf3 Rh8 16. h4 f6 17. Qd2 Nd7 18. Bh3 a6 19. a4 c6 20. c4 Nf8 21. d5 cxd5 22.
cxd5 f5 23. exf5 gxf5 24. Rfe1 Rg8 25. Kh2 Kd7 26. Rac1 Bf6 27. Qc2 Qa8 28.
Qc7+ Ke8 29. Qxd6 Be7 30. Qc6+ Qxc6 31. dxc6 Kd8 32. c7+ Kc8 33. Bf1 b5 34.
axb5 axb5 35. Bxb5 Bd6 36. Ba6+ 1-0

[Event "Tournoi Skype 029A"]
[Site "Skype"]
[Date "????.??.??"]
[Round "6.17"]
[White "Junqueira, Leonardo De Faria"]
[Black "Sanchez Ruiz, Justo"]
[Result "0-1"]
[WhiteElo "1408"]
[BlackElo "1526"]
[PlyCount "44"]

1. e4 d5 2. exd5 Qxd5 3. Nc3 Qd6 4. d4 Nf6 5. Nf3 a6 6. Be2 Nc6 7. O-O Bg4 8.
d5 Nb4 9. Bg5 O-O-O 10. Bc4 e5 11. dxe6 Bxe6 12. Bxe6+ Qxe6 13. Qc1 Bd6 14. Re1
Qf5 15. Bxf6 gxf6 16. Re2 Rhg8 17. g3 Qxf3 18. Re3 Qf5 19. Re2 h5 20. a3 Nc6
21. Qf1 Nd4 22. Nd5 Nf3+ 0-1

[Event "Tournoi Skype 029A"]
[Site "Skype"]
[Date "????.??.??"]
[Round "6.19"]
[White "Alvarez, Juan Evangelista"]
[Black "Sequeda Pimiento, Javier Ricardo"]
[Result "0-1"]
[WhiteElo "1575"]
[BlackElo "1419"]
[PlyCount "114"]

1. d4 Nf6 2. g3 c6 3. Bg2 d5 4. Nf3 Nbd7 5. O-O e6 6. Nbd2 Be7 7. c4 O-O 8. Qc2
b6 9. e4 dxe4 10. Nxe4 Nxe4 11. Qxe4 Bb7 12. Ne5 Nf6 13. Qh4 Rc8 14. Re1 Ne8
15. Qh3 Qxd4 16. Be4 Nf6 17. Qg2 Nxe4 18. Qxe4 Qxe4 19. Rxe4 Rfd8 20. Be3 c5
21. Rf4 f6 22. Ng4 e5 23. Nh6+ gxh6 24. Rg4+ Kf7 25. Bxh6 Rg8 26. Rh4 f5 27.
Rh3 Bf3 28. Be3 h5 29. Kf1 Bg4 30. Kg2 Bxh3+ 31. Kxh3 Rcd8 32. a4 Bg5 33. a5
Bxe3 34. fxe3 Rg4 35. axb6 axb6 36. Ra7+ Kg8 37. Re7 Rxc4 38. Rxe5 Rf8 39. Re6
Rb4 40. Rh6 Rxb2 41. Rxh5 c4 42. Rh6 c3 43. Rc6 c2 44. g4 fxg4+ 45. Kxg4 b5 46.
h4 b4 47. h5 Kh7 48. Kg5 Rg8+ 49. Kf6 Rg7 50. e4 b3 51. e5 Rb1 52. e6 c1=Q 53.
Rxc1 Rxc1 54. e7 Rc6+ 55. Ke5 Rxe7+ 56. Kd5 Rcc7 57. h6 b2 0-1

[Event "Tournoi Skype 029A"]
[Site "Skype"]
[Date "????.??.??"]
[Round "6.20"]
[White "Lovell, Stan"]
[Black "Abate, Leonardo"]
[Result "1-0"]
[WhiteElo "1575"]
[BlackElo "1380"]
[PlyCount "43"]

1. e4 c6 2. d4 d5 3. Nc3 dxe4 4. Nxe4 Bf5 5. Ng3 Bg6 6. Bd3 Nd7 7. f4 Bxd3 8.
Qxd3 e6 9. Nf3 Qc7 10. Bd2 Bd6 11. Ne5 f6 12. Nxd7 Qxd7 13. O-O-O O-O-O 14. Ne4
Be7 15. c3 c5 16. Be3 f5 17. Nf2 cxd4 18. Bxd4 Qc7 19. Qe3 Nf6 20. Qxe6+ Kb8
21. Be5 Bd6 22. Rxd6 1-0